00257nam a2200097Ia 4500100001900000654003900019245004000058260003400098082001500132546001200147 aStinson Craig  aLearning and running windows 3.1 aLearning and Running Windows 3.1 bMicrosoft PressaBombayc1995 a005.13 'W' aENGLISH